| 000 | 00716cam a2200241u 4500 | ||
|---|---|---|---|
| 999 |
_c232492 _d232492 |
||
| 001 | 9699346 | ||
| 003 | Nust | ||
| 005 | 20170220094103.0 | ||
| 008 | 810217s1934 wiu j 000 0 eng | ||
| 010 | _a 34031443 | ||
| 020 | _a9780140369847 | ||
| 040 |
_aDLC _cCarP _dDLC |
||
| 050 | 0 | 0 |
_aPZ8.2.A254 _bSmo |
| 082 |
_a823 _bHAN |
||
| 130 | 0 |
_aAesop's fables. _lEnglish |
|
| 245 | 1 | 0 |
_aAesop's fables; _cTranslated by S. A. Handford |
| 260 |
_aRacine, Wis., _bWhitman publishing company _c1954 |
||
| 300 | _a212p. | ||
| 650 | 0 |
_aFables, Greek _vAdaptations. |
|
| 650 | 1 | _aFables. | |
| 700 | 0 | _aAesop. | |
| 700 | 1 |
_aSmock, Nell Stolp, [from old catalog] _eillus. |
|
| 906 |
_a0 _bcbc _cpremunv _du _encip _f19 _gy-gencatlg |
||
| 942 |
_2ddc _cBK |
||